The living word: (Record no. 3356)

000 -LEADER
fixed length control field 00560nam a2200181 a 4500
001 - CONTROL NUMBER
control field :::00001086$&:&@@
003 - CONTROL NUMBER IDENTIFIER
control field OkBaRHE
005 - DATE AND TIME OF LATEST TRANSACTION
control field 20000607103241.0
008 - FIXED-LENGTH DATA ELEMENTS--GENERAL INFORMATION
fixed length control field s1956 j 000 0 eng u
040 ## - CATALOGING SOURCE
Transcribing agency
100 1# - MAIN ENTRY--PERSONAL NAME
Personal name Weigle, Luther A.
245 14 - TITLE STATEMENT
Title The living word:
Remainder of title some Bible words explained.
260 ## - PUBLICATION, DISTRIBUTION, ETC. (IMPRINT)
Place of publication, distribution, etc New York, NY., :
Name of publisher, distributor, etc Thomas Nelson and Sons
Date of publication, distribution, etc c1956
300 ## - PHYSICAL DESCRIPTION
Extent 72 p. ;
Dimensions 23 cm.
650 ## - SUBJECT ADDED ENTRY--TOPICAL TERM
Topical term or geographic name as entry element Bible Figures of Speech
942 ## - ADDED ENTRY ELEMENTS (KOHA)
Source of classification or shelving scheme
Koha item type Books
Copies
Copy number Damaged status Price effective from Shelving location Date last seen Withdrawn status Koha item type Source of classification or shelving scheme Full call number Date acquired Permanent Location Not for loan Barcode Lost status
1 2010-04-14General Stacks2010-04-14 Books BS 537 .W42010-04-14RHEMA Bible Training College 1086